| 000 | 00662nam a2200193 a 4500 | ||
|---|---|---|---|
| 005 | 20140412111317.0 | ||
| 008 | 000822s19uu xx 00 eng d | ||
| 020 | _a0-14-050398-6 | ||
| 050 |
_aTR(PS E _bBa14 1982 |
||
| 100 | _aCarle, Eric | ||
| 245 |
_aBad-tempered ladybird (The) / _cEric Carle. |
||
| 260 |
_aLondon : _bPuffin Books, _c1977. |
||
| 300 | _a1 v. (unp.) ; ill. | ||
| 440 | _aPicture Puffins | ||
| 520 | _aThe bad-tempered ladybird thinks it is bigger and better than anyone else. It is mean, rude and always ready to start a fight-though not with much success. | ||
| 650 | _aRude-Fiction | ||
| 650 | _aBehavior-Fiction | ||
| 999 |
_c104277 _d104277 |
||